Calciatori più Anziani in Serie A - Statistics

Statistiche generali
  • Questo quiz è stato fatto 142 volte
    79 dall'ultimo reset
  • Il punteggio medio è 5 su 10
Statistiche sulle risposte
Età all'ultima presenza Data ultima presenza Ultima squadra Nazione Calciatore % Corretto
43 anni e 104 giorni 12 maggio 2021 Juventus Italia Gianluigi Buffon
99%
41 anni e 166 giorni 18 marzo 2023 Milan Svezia Zlatan Ibrahimović
87%
42 anni e 265 giorni 23 maggio 2025 Como Spagna José Manuel Reina
70%
44 anni e 38 giorni 11 maggio 2008 Lazio Italia Marco Ballotta
51%
41 anni e 76 giorni 15 maggio 1983 Juventus Italia Dino Zoff
46%
41 anni e 25 giorni 19 maggio 2007 Milan Italia Alessandro Costacurta
40%
41 anni e 303 giorni 22 gennaio 2023 Sassuolo Italia Gianluca Pegolo
33%
42 anni e 235 giorni 6 maggio 2012 Cesena Italia Francesco Antonioli
22%
41 anni e 297 giorni 15 novembre 2008 Palermo Italia Alberto Fontana
9%
41 anni e 234 giorni 15 aprile 2017 Cagliari Italia Roberto Colombo
1%
Nessun quiz corrispondente trovato
Distribuzione punteggi
Percentuale di utenti per punteggio
Percentile per numero di risposta
I tuoi punteggi nel tempo
Non hai fatto questo quiz dall'ultimo reset